| 000 | 00592nam a2200193 a 4500 | ||
|---|---|---|---|
| 005 | 20240305063759.0 | ||
| 008 | 991125s1973 ag 000 0 spa u | ||
| 035 | _aUPN01000008973 | ||
| 049 | _aCG | ||
| 050 | 4 |
_aLB1647 _bC4.2 1973 |
|
| 100 | 1 | _aCernuschi, Félix | |
| 245 | 1 | 0 |
_aCómo debe orientarse la enseñanza de la ciencia / _cFélix Cernuschi. |
| 250 | _a3a ed. | ||
| 260 |
_aBuenos Aires : _bEUDEBA, _c1973. |
||
| 300 | _a67 p. | ||
| 440 | 3 |
_aLa escuela en el tiempo. _pCuadernos del secundario ; _v2 |
|
| 650 | 4 |
_aCiencia _xEstudio y enseñanza (Secundaria) _910108 |
|
| 905 | _aLibro | ||
| 999 |
_c8973 _d8973 |
||